000 00955nam a2200301 i 4500
003 DO-SdBNP
005 20240710114450.0
006 a||||er|||| 00| 0
007 ta
008 231109t2000 dr ||||| |||| 00| j spa d
020 _a9993477354
040 _aDO-SdBNP
_bspa
_cBNPHU
_erda
082 4 _222
_aRD863.44
_bC352e, 2002
100 1 _aCastillo Javier, Gerardo,
_d1963-
_91677
245 1 0 _aEntre dragones. /
_bGerardo Castillo Javier.
246 1 4 _aEntre dragones:
_bcuentos breves.
250 _a2a edición
264 4 _aSanto Domingo :
_bPerla,
_c2000
300 _a108 páginas ;
_c20 cm.
336 _2rdacontent
_atexto
_btxt
337 _2rdamedia
_asin mediación
_bna
338 _2rdacarrier
_avolumen
_bnc
500 _aIncluye datos biográficos del autor en la solapa de la contracubierta.
590 _aInventariado 2023 / MF
650 0 _aLiteratura dominicana.
_967
650 4 _aCuentos dominicanos
_97308
942 _2ddc
_cLBS1
999 _c55430
_d55430